Catálogo

Bases históricas del guadalupanismo / (Registro nro. 71172)

Detalles MARC
000 -LEADER
fixed length control field 01551cam a2200337 i 4500
001 - CONTROL NUMBER
control field 92829
003 - CONTROL NUMBER IDENTIFIER
control field Mx-PuUPA
005 - DATE AND TIME OF LATEST TRANSACTION
control field 20260126151509.0
008 - FIXED-LENGTH DATA ELEMENTS--GENERAL INFORMATION
fixed length control field 250405s1981 mx gr|||| 00| 0 spa d
040 ## - CATALOGING SOURCE
Original cataloging agency Mx-PuUPA
Language of cataloging spa
Transcribing agency Mx-PuUPA
Modifying agency Mx-PuUPA
Description conventions rda
041 0# - LANGUAGE CODE
Language code of text/sound track or separate title spa
100 1# - MAIN ENTRY--PERSONAL NAME
Personal name López Beltrán, Lauro,
Relator term autor
9 (RLIN) 336
245 10 - TITLE STATEMENT
Title Bases históricas del guadalupanismo /
Statement of responsibility, etc. Pbro. Lauro López Beltran
250 ## - EDITION STATEMENT
Edition statement Primera edición /
Remainder of edition statement mayo
264 #1 - PRODUCTION, PUBLICATION, DISTRIBUTION, MANUFACTURE, AND COPYRIGHT NOTICE
Place of production, publication, distribution, manufacture México, D.F. :
Name of producer, publisher, distributor, manufacturer Editorial Jus,
Date of production, publication, distribution, manufacture, or copyright notice 1981
300 ## - PHYSICAL DESCRIPTION
Extent 105 páginas ;
Dimensions 24 cm
336 ## - CONTENT TYPE
Fuente rdacontent
Content type term texto
Content type code txt
337 ## - MEDIA TYPE
Source rdamedia
Media type term sin medio
Media type code n
338 ## - CARRIER TYPE
Source rdacarrier
Carrier type term volumen
Carrier type code nc
500 ## - GENERAL NOTE
General note "Este libro contiene seis conferencias sustentadas por su autor en el Seminario Mayor del Arzobispado de Morelia, los días viernes 8 y sábado 9 de mayo de 1981. Y la edición ha sido patrocinada por su Excelencia Reverendísima, el Sr. Arzobispo de Chihuahua, Mons. Dr. D. Adalberto Almeida Merino".-- Portada.
500 ## - GENERAL NOTE
General note "Recuerdo del Año Jubilar Guadalupano 12 diciembre 1980- 12 diciembre 1981".-- Portada.
600 04 - SUBJECT ADDED ENTRY--PERSONAL NAME
Personal name Nuestra Señora de Guadalupe
General subdivision Apariciones y milagros
600 04 - SUBJECT ADDED ENTRY--PERSONAL NAME
Personal name Virgen María
General subdivision Apariciones y milagros
Geographic subdivision México
650 #7 - SUBJECT ADDED ENTRY--TOPICAL TERM
Source of heading or term armarc
Topical term or geographic name entry element Guadalupe Hidalgo
650 #7 - SUBJECT ADDED ENTRY--TOPICAL TERM
Source of heading or term armarc
Topical term or geographic name entry element Año jubilar Guadalupano,
Chronological subdivision 1980-1981
650 #7 - SUBJECT ADDED ENTRY--TOPICAL TERM
Source of heading or term armrac
Topical term or geographic name entry element Historia de la iglesia
Geographic subdivision México
651 #4 - SUBJECT ADDED ENTRY--GEOGRAPHIC NAME
Geographic name México
General subdivision Gustavo A. Madero (Ciudad de México)
942 ## - ADDED ENTRY ELEMENTS (KOHA)
Source of classification or shelving scheme Dewey Decimal Classification
Koha item type Libro
Classification part 232.9170972
Item part L86
Existencias
Withdrawn status Lost status Source of classification or shelving scheme Damaged status Not for loan Collection code Home library Current library Shelving location Date acquired Total Checkouts Full call number Barcode Date last seen Price effective from Koha item type
    Dewey Decimal Classification     General Centro de Estudios Guadalupanos Centro de Estudios Guadalupanos Sala general 05/04/2025   232.9170972 L86 1981 92829 05/01/2026 05/04/2025 Libro